000 00648nam a22002417a 4500
003 UA-OsUOA
001 55996
007 ta
008 20080925b un ||||| |||| 00| 0 ukr d
100 _aАсеев Г.Г.
090 _a004.01:651.4/4
_bА90
942 _cBK
040 _aUA-OsUOA
_bukr
_cUA-OsUOA
_dUA-OsUOA
245 _aЭлектронный документооборот
300 _a500 с.
955 _a2
041 _aukr
080 _a004.01:651.4/4
020 _a966-351-101-Х
260 _aК.
_bКондор
_c2007
650 7 _a00 Загальні питання науки і культури
_2UDC
999 _c342092
_d342092